Statistics for Marvel Superheroes

Click here to take the quiz!

General Stats

  • This quiz has been taken 49 times
  • The average score is 12 of 15

Answer Stats

HintAlter-EgoAnswer% Correct
He was given the Super Soldier SerumSteve RogersCaptain America
100%
A scientist that was exposed to a gamma explosion and was transformed into a beastBruce BannerHulk
98%
He is a playboy genius. He created a metal suit to wearTony StarkIron Man
98%
Bitten by a radioactive spiderPeter ParkerSpider Man
98%
He is a Norse God. He wields the hammer Mjölnir. He also has stormbreaker the axeN/AThor
96%
Has a helmet to converse with ants. Uses Pym ParticlesScott Edward LangAnt Man
93%
His dad is Ego. He is the head of the Guardians of the GalaxyPeter QuillStar Lord
91%
Girlfriend of the aboveHope van DyneWasp
87%
Quill's girlfriend. She is Thanos's adopted daughterN/AGamora
84%
He's an assassin that is good. He is slightly psychotic. He can heal and is very overpoweredWade WilsonDeadpool
82%
Half human, he hunts vampires with swordsEric BrooksBlade
71%
He has a metal armJames Buchanan BarnesBucky
71%
He is a green alien with red stripes on his body and faceN/ADrax the Destroyer
53%
One of the ______ corps. The heir of the alien Rhomann DeyRichard RiderNova
42%
She has 2 claws growing on each handLaura KinneyX-23
40%

Score Distribution

Percentile by Number Answered

Percent of People with Each Score

Your Score History

You have not taken this quiz